|
|
|
|
| LEADER |
01155nam a2200265 a 4500 |
| 001 |
GR-MES12354 |
| 008 |
070601s gr b 001 0 gre d |
| 020 |
|
|
|a 0471485284
|q (cloth:alk.paper)
|
| 020 |
|
|
|a 0471485292
|q (pbk.:alk.paper)
|
| 040 |
|
|
|a GrPaTEI
|b gre
|c GR-PaULI
|
| 040 |
|
|
|a GrPaTEI
|b gre
|c GR-PaULI
|
| 082 |
|
0 |
|a 579.176
|2 22
|
| 100 |
1 |
|
|a Sigee, David C.
|
| 245 |
1 |
0 |
|a Freshwater microbiology :
|b Biodiversity and dynamic interactions of microorganisms in the aquatic environment. /
|c David C. Sigee.
|
| 260 |
|
|
|a Chichester :
|b Wiley,
|c 2005
|
| 300 |
|
|
|a xv
|a 524σ. :
|b εικ. ;
|c 25εκ.
|
| 504 |
|
|
|a Περιλαμβάνει βιβλιογραφίες και ευρετήριο.
|
| 650 |
|
0 |
|a Freshwater microbiology
|
| 650 |
|
4 |
|a ΓΛΥΚΟ ΝΕΡΟ
|
| 650 |
|
4 |
|a Μικροβιολογία
|
| 650 |
|
4 |
|a Νερό- Μικροβιολογία
|
| 942 |
|
|
|2 ddc
|
| 952 |
|
|
|0 0
|1 0
|2 ddc
|4 0
|6 579_176000000000000_SIG
|7 0
|9 271044
|a MSLG
|b MSLG
|c BSC
|d 2021-01-17
|e 24
|f 0
|g 0.00
|l 0
|o 579.176 SIG
|p 2420000021866
|r 2021-01-17 00:00:00
|t 1
|w 2021-01-17
|y BK15
|x 20070601 0 ΜΑΤΣΙΩΡΗ 1
|x GrPaTEI
|
| 971 |
|
|
|a .b25784018
|b 15-04-20
|c 13-09-16
|
| 999 |
|
|
|c 156511
|d 156511
|